00898 2200325 4500001002100000005001500021035002000036007000300056040001700059100003300076245006300109250001000172300003400182504002500216020001800241041000800259082001200267084001800279090002500297264003400322336002100356337003000377338002300407650001700430700003100447850001000478008004100488990002200529990002100551INLIS00000000000941120260421080406 a0010-1222000016ta aSBPUPADbind0 aSri Dadi HardjonoePengarang1 aPertolongan Pertama Pada Sepeda Motor /cSri Dadi Hardjono aCet.1 ax, 101 hlm :bilus ;c20,5 cm aBibliografi, hlm 112 a979-8966-29-307aind a629.227 a629.227 SRI p a629.227 SRI p L 20-5 aJakarta :bPuspa Swara,c1997 2rdacontentateks 2rdamediaatanpa perantara 2rdacarrieravolume 4aTeknik Mesin0 aEditor, MulyonoePengarang aPUPAD260421 0  a2234/H/ARPUS/2007 a2235/H/ARPUS/200